000 00299nam a22001337a 4500
008 170614b xxu||||| |||| 00| 0 eng d
020 _a9780872894075
041 _aeng
080 _a32
100 _a19
101 _aSHP
245 _aREFRAMING CONTEMPORARY AFRICA
_cSOYINKA.P
942 _2udc
_cBK
999 _c17279
_d17279